G.E. Moore : (Record no. 124851)
[ view plain ]
| 000 -LEADER | |
|---|---|
| fixed length control field | 00861cam a2200301ua 4500 |
| 001 - CONTROL NUMBER | |
| control field | 4456715 |
| 003 - CONTROL NUMBER IDENTIFIER | |
| control field | ARRUPE |
| 005 - DATE AND TIME OF LATEST TRANSACTION | |
| control field | 20160804094523.0 |
| 008 - FIXED-LENGTH DATA ELEMENTS--GENERAL INFORMATION | |
| fixed length control field | 860827s1986 pau 001 0 eng |
| 010 ## - LIBRARY OF CONGRESS CONTROL NUMBER | |
| LC control number | 86006007 |
| 020 ## - INTERNATIONAL STANDARD BOOK NUMBER | |
| International Standard Book Number | 0877224420 (alk. paper) : |
| 035 ## - SYSTEM CONTROL NUMBER | |
| System control number | (OCoLC)13664983 |
| 035 ## - SYSTEM CONTROL NUMBER | |
| System control number | (OCoLC)ocm13664983 |
| 035 ## - SYSTEM CONTROL NUMBER | |
| System control number | (NNC)4456715 |
| 040 ## - CATALOGING SOURCE | |
| Modifying agency | CStRLIN |
| -- | NSbSU |
| Transcribing agency | Arrupe |
| 050 0# - LIBRARY OF CONGRESS CALL NUMBER | |
| Classification number | B1647.M73 |
| Item number | G2 1986 |
| 090 ## - LOCALLY ASSIGNED LC-TYPE CALL NUMBER (OCLC); LOCAL CALL NUMBER (OCLC) | |
| Classification number (OCLC) (R) ; Classification number, CALL (RLIN) (NR) | B1647.M73 |
| Local cutter number (OCLC) ; Book number/undivided call number, CALL (RLIN) | G2 1986 |
| 300 ## - PHYSICAL DESCRIPTION | |
| Dimensions | 22 cm. |
| 100 1# - MAIN ENTRY--PERSONAL NAME | |
| Personal name | Moore, G. E. |
| Fuller form of name | (George Edward), |
| Dates associated with a name | 1873-1958. |
| 9 (RLIN) | 1184 |
| 245 10 - TITLE STATEMENT | |
| Title | G.E. Moore : |
| Remainder of title | the early essays / |
| Statement of responsibility, etc | edited by Tom Regan. |
| 260 ## - PUBLICATION, DISTRIBUTION, ETC. (IMPRINT) | |
| Place of publication, distribution, etc | Philadelphia : |
| Name of publisher, distributor, etc | Temple University Press, |
| Date of publication, distribution, etc | 1986. |
| 263 ## - PROJECTED PUBLICATION DATE | |
| Projected publication date | 8612 |
| 300 ## - PHYSICAL DESCRIPTION | |
| Extent | x, 249 p. ; |
| 500 ## - GENERAL NOTE | |
| General note | Includes index. |
| 650 #0 - SUBJECT ADDED ENTRY--TOPICAL TERM | |
| Topical term or geographic name as entry element | Philosophy. |
| 9 (RLIN) | 24607 |
| 700 1# - ADDED ENTRY--PERSONAL NAME | |
| Personal name | Regan, Tom. |
| 9 (RLIN) | 24608 |
| 942 ## - ADDED ENTRY ELEMENTS (KOHA) | |
| Source of classification or shelving scheme | Library of Congress Classification |
| Koha item type | Monograph ( Printed materials) |
| Withdrawn status | Lost status | Source of classification or shelving scheme | Damaged status | Not for loan | Collection code | Home library | Current library | Shelving location | Date acquired | Total Checkouts | Full call number | Barcode | Date last seen | Price effective from | Koha item type |
|---|---|---|---|---|---|---|---|---|---|---|---|---|---|---|---|
| Library of Congress Classification | Main Collection | ARRUPE LIBRARY | ARRUPE LIBRARY | Main Collection | 04/08/2016 | B1647.M73 G2 1986 | 46500009389 | 04/08/2016 | 04/08/2016 | Monograph ( Printed materials) |